000 01065njm a22002657a 4500
005 20100917143834.0
006 a|||||r|||||00| 0
007 sd ammalaaahaa
008 100831t xxu||||| |||| 00| 0 eng d
028 _aECLP.5670
_bHis Master's Voice
035 _aGR-03378
040 _aSED
_cSED
100 _aKumar, Kishore
_917690
245 _aHarjaee /
_cby Kishore Kumar...[et.al]
_h[Sound Recording] :
246 _aहरजाई / किशोरे कुमार द्वारा
260 _aDum Dum India
_bHis Master's Voice
_c1980
300 _a1 sound disc (Gramophone Recording)
_banalog 33 1/3 rpm
_c12 in. (LP)
_fGramophone Record
500 _aBrief Record
500 _aRecord label: His Master's Voice; Red
505 _aSide-1 Tum sa haseen (Kishore Kumar) -- Side-2 Mee raksam, Mee raksam (Mohd.Rafi & Chandrashekhar Gadgil)
600 _aKumar, Kishore
_920621
650 _aUrdu Ghazal
_xExcerpts
_zIndia
_917691
942 _2ddc
_cGR
999 _c46503
_d46503